000 00590nam a2200229Ia 4500
003 OSt
005 20220918191944.0
006 a|||||r|||| 00| 0
007 ta
008 220917b |||||||| |||| 00| 0 eng d
024 _a66,137
037 _cTextual
040 _aARTS
_cARTS
_beng
041 _2eng
_aeng
082 _aR3xC57:g, M0
100 _aLear Jonathan
_918167
245 0 _aAristotle and logical theory
260 _aCambridge
_bCUP
_c1980
300 _axi,123p.
_ccm.
942 _hR3xC57:g, M0
_cTEXL
_2CC
999 _c192371
_d192371